00618nam a22002057a 450000500170000001000130001702000110003003500130004103700160005404000120007008200160008210000190009824500730011726000440019027000490023430000200028350000200030365000460032365000430036920170124110221.0 aA-895098 c275.00 aA-895098 bCen Lib/Ret aDPLbEN a338.74bKOR aKortikar, R.N. aCorporate sickness predicting at incipient stage /cby R.N. Kortikar aBombaybHimalaya publishing housec1997 bBombaye400004aDr, Bhale rao marg, Girgaon  a189p.c22cm(Hb) aIncludes index  aBusiness forecastingxMathematical models aBusiness failuresxMathematical models